ბათუმის შოთა რუსთაველის სახელმწიფო უნივერსიტეტის ბიბლიოთეკა

უფიცი, ფლორენცია : (ბიბ.ჩანაწერი № 61248)

000 -ლიდერი
ფიქსირებული სიგრძის საკონტროლო ველი 01370nam a22002417a 4500
003 - საკონტროლო ნომრის იდენტიფიკატორი
საკონტროლო ველი Ge_BSU
005 - ბოლო ოპერაციის თარიღი და დრო
საკონტროლო ველი 20240110145204.0
008 - ფიქსირებული სიგრძის მონაცემთა ელემენტები - ზოგადი ინფორმაცია
ფიქსირებული სიგრძის საკონტროლო ველი 240110s2017 ge ||||| |||| 00| 0 geo d
020 ## - წიგნის საერთაშორისო სტანდარტული ნომერი
International Standard Book Number 9789941248825
041 ## - ენის კოდი
Language code of text/sound track or separate title geo
080 ## - უნივერსალური ათობითი კლასიფიკაციის ინდექსი
Universal Decimal Classification number 069.02:7(450) +75(450) დ-15
100 ## - მთავარი ჩანაწერი - პიროვნების სახელი
Personal name დავერიო, ფილიპ
9 (RLIN) 21022
245 ## - ცნობა სათაურის შესახებ
Title უფიცი, ფლორენცია :
Remainder of title ხელოვნების შედევრები - შენს პირად კოლექციაში /
Statement of responsibility, etc ფილიპ დავერიო; მთარგმნელი მაია დონაძე; რედაქტორი თამარ ჟურული.
264 ## - წარმოების, გამოცემის, დისტრიბუციის და სხვა ცნობები
გამოცემის, წარმოების, დისტრიბუციის... ადგილი თბილისი :
გამოცემის, წარმოების, დისტრიბუციის... სახელწოდება პალიტრა L,
გამოცემის, წარმოების, დისტრიბუციის... თარიღი 2017.
300 ## - ფიზიკური აღწერა
Extent 128 გვ. :
Other physical details ფოტ. ;
Dimensions 26 სმ.
440 ## - სერიის ცნობა / დამატებულია ჩანაწერი - სათაური
Title მსოფლიოს საუკეთესო მუზეუმები ; წიგნი 2
9 (RLIN) 21024
521 ## - TARGET AUDIENCE NOTE
Target audience note გარეკანზე ავტორი აღნიშნული არ არის.
653 ## - INDEX TERM--UNCONTROLLED
Uncontrolled term ფლორენციის მუზეუმი
653 ## - INDEX TERM--UNCONTROLLED
Uncontrolled term იტალიური ფერწერა
700 ## - ADDED ENTRY--PERSONAL NAME
Personal name დონაძე, მაია
Relator term მთარგმნელი
9 (RLIN) 21025
700 ## - ADDED ENTRY--PERSONAL NAME
Personal name ჟურული, თამარ
Relator term რედაქტორი
9 (RLIN) 16161
942 ## - ADDED ENTRY ELEMENTS (KOHA)
Source of classification or shelving scheme
Koha item type წიგნი
ეგზემპლარები
ჩამოწერის სტატუსი დაკარგული ეგზემპლარის სტატუსი კლასიფიკაციის წყარო ან თაროზე გაწყობის სქემა დაზიანების სტატუსი არ გაიცემა მუდმივი მდებარეობა (დაცვის ადგილი) ამჟამინდელი ადგილსამყოფელი თაროზე განთავსების ადგილი შეძენის თარიღი ღირებულება, შესყიდვის ნორმალური ფასი სრული შენახვის შიფრი შტრიხკოდი ბოლო ოპერაციის თარიღი ეგზემპლარის მიმდევრობითი ნომერი (კეტერი?) ფასის ძალაში შესვლის თარიღი ეგზემპლარის სახეობა საჯარო შენიშვნა
          ბათუმის შოთა რუსთაველის სახელმწიფო უნივერსიტეტის მთავარი ბიბლიოთეკა ბათუმის შოთა რუსთაველის სახელმწიფო უნივერსიტეტის მთავარი ბიბლიოთეკა წიგნსაცავი 2024-01-10 25.00 069.02:7(450) +75(450) დ-15 67013 2024-01-10 67013 2024-01-10 წიგნი 25 ლ.